<?xml version="1.0" encoding="UTF-8"?><?xml-stylesheet type="text/xsl" href="static/style.xsl"?><OAI-PMH xmlns="http://www.openarchives.org/OAI/2.0/" xmlns:xsi="http://www.w3.org/2001/XMLSchema-instance" xsi:schemaLocation="http://www.openarchives.org/OAI/2.0/ http://www.openarchives.org/OAI/2.0/OAI-PMH.xsd"><responseDate>2026-04-18T04:15:30Z</responseDate><request verb="GetRecord" identifier="oai:www.recercat.cat:20.500.12327/4634" metadataPrefix="marc">https://recercat.cat/oai/request</request><GetRecord><record><header><identifier>oai:recercat.cat:20.500.12327/4634</identifier><datestamp>2025-10-22T11:34:26Z</datestamp><setSpec>com_2072_4428</setSpec><setSpec>com_2072_4427</setSpec><setSpec>col_2072_487898</setSpec></header><metadata><record xmlns="http://www.loc.gov/MARC21/slim" xmlns:dcterms="http://purl.org/dc/terms/" xmlns:xsi="http://www.w3.org/2001/XMLSchema-instance" xmlns:doc="http://www.lyncode.com/xoai" xsi:schemaLocation="http://www.loc.gov/MARC21/slim http://www.loc.gov/standards/marcxml/schema/MARC21slim.xsd">
   <leader>00925njm 22002777a 4500</leader>
   <datafield ind2=" " ind1=" " tag="042">
      <subfield code="a">dc</subfield>
   </datafield>
   <datafield ind2=" " ind1=" " tag="720">
      <subfield code="a">Vidal, Enric</subfield>
      <subfield code="e">author</subfield>
   </datafield>
   <datafield ind2=" " ind1=" " tag="720">
      <subfield code="a">Eraña, Hasier</subfield>
      <subfield code="e">author</subfield>
   </datafield>
   <datafield ind2=" " ind1=" " tag="720">
      <subfield code="a">Charco, Jorge M.</subfield>
      <subfield code="e">author</subfield>
   </datafield>
   <datafield ind2=" " ind1=" " tag="720">
      <subfield code="a">Lorenzo, Nuria L.</subfield>
      <subfield code="e">author</subfield>
   </datafield>
   <datafield ind2=" " ind1=" " tag="720">
      <subfield code="a">Giler, Samanta</subfield>
      <subfield code="e">author</subfield>
   </datafield>
   <datafield ind2=" " ind1=" " tag="720">
      <subfield code="a">Ordóñez, Montserrat</subfield>
      <subfield code="e">author</subfield>
   </datafield>
   <datafield ind2=" " ind1=" " tag="720">
      <subfield code="a">Fernández-Muñoz, Eva</subfield>
      <subfield code="e">author</subfield>
   </datafield>
   <datafield ind2=" " ind1=" " tag="720">
      <subfield code="a">San-Juan-Ansoleaga, Maitena</subfield>
      <subfield code="e">author</subfield>
   </datafield>
   <datafield ind2=" " ind1=" " tag="720">
      <subfield code="a">Telling, Glenn C.</subfield>
      <subfield code="e">author</subfield>
   </datafield>
   <datafield ind2=" " ind1=" " tag="720">
      <subfield code="a">Sánchez-Martín, Manuel A.</subfield>
      <subfield code="e">author</subfield>
   </datafield>
   <datafield ind2=" " ind1=" " tag="720">
      <subfield code="a">Geijo, Mariví</subfield>
      <subfield code="e">author</subfield>
   </datafield>
   <datafield ind2=" " ind1=" " tag="720">
      <subfield code="a">Requena, Jesús R.</subfield>
      <subfield code="e">author</subfield>
   </datafield>
   <datafield ind2=" " ind1=" " tag="720">
      <subfield code="a">Castilla, Joaquín</subfield>
      <subfield code="e">author</subfield>
   </datafield>
   <datafield ind2=" " ind1=" " tag="260">
      <subfield code="c">2025-04-11</subfield>
   </datafield>
   <datafield ind2=" " ind1=" " tag="520">
      <subfield code="a">Prion disease phenotypes (prion strains) are primarily determined by the specific misfolded conformation of the cellular prion protein (PrPC). However, post-translational modifications, including glycosyl phosphatidyl inositol (GPI) membrane anchoring and glycosylation, may influence strain characteristics. We investigated whether these modifications are essential for maintaining the unique properties of bank vole-adapted Chronic Wasting Disease (CWD-vole), the fastest known prion strain. Using a novel transgenic mouse model expressing I109 bank vole PrPC lacking the GPI anchor and largely devoid of glycans, we performed serial passages of CWD-vole prions. Despite elongated initial incubation periods, the strain maintained 100 % attack rate through three passages. Although the pathological phenotype showed characteristic GPI-less features, including abundant extracellular plaque formation, three subsequent serial passages in fully glycosylated and GPI-anchored bank vole I109 PrPC expressing transgenic mice TgVole (1×) demonstrated that the strain's distinctive rapid propagation properties were preserved. These findings suggest that neither GPI anchoring nor glycosylation are essential for maintaining CWD-vole strain properties, supporting the concept that strain characteristics are primarily encoded in the protein's misfolded structure.</subfield>
   </datafield>
   <datafield ind1="8" ind2=" " tag="024">
      <subfield code="a">Vidal, Enric, Hasier Eraña, Jorge M Charco, Nuria L Lorenzo, Samanta Giler, Montserrat Ordóñez, Eva Fernández-Muñoz, et al. 2025. “Conservation of Strain Properties of Bank Vole-adapted Chronic Wasting Disease in the Absence of Glycosylation and Membrane Anchoring.” Neurobiology of Disease, 201: 106894. https://doi.org/10.1016/j.nbd.2025.106894.</subfield>
   </datafield>
   <datafield ind1="8" ind2=" " tag="024">
      <subfield code="a">0969-9961</subfield>
   </datafield>
   <datafield ind1="8" ind2=" " tag="024">
      <subfield code="a">http://hdl.handle.net/20.500.12327/4634</subfield>
   </datafield>
   <datafield ind1="8" ind2=" " tag="024">
      <subfield code="a">https://doi.org/10.1016/j.nbd.2025.106894</subfield>
   </datafield>
   <datafield ind2="0" ind1="0" tag="245">
      <subfield code="a">Conservation of strain properties of bank vole-adapted chronic wasting disease in the absence of glycosylation and membrane anchoring</subfield>
   </datafield>
</record></metadata></record></GetRecord></OAI-PMH>